000 00865cam a22003017a 4500
003 CHAP
005 20220329140151.0
008 971013s1904 r 00010 d
010 _a47978
011 _a48950
035 _a53098
040 _cCHAP
082 _a633.1
_bR52
100 0 0 _aRicaldone, Pedro.
_997208
245 1 4 _aLas leguminosas y los cereales
260 _aSevilla :
_b(s.e.),
_c1904
300 _a120 p.
490 0 _aBiblioteca Agraria Solariana
_v; 13
590 _aBATCH-UPD
_b10
_c20130110
_lUCH01
_h0013
590 _aBATCH-UPD
_b10
_c20130110
_lUCH01
_h1241
590 _aCONVERSION
_b10
_c20130109
_lUCH01
_h1326
650 1 4 _aCereales.
_921370
650 1 4 _aLeguminosas.
_965807
830 0 _aBiblioteca Agraria Solariana
_v; 13
_912223
901 _aBK
942 _cLIBRO
949 _a633.1 R52
_bBC
_cBPP
_d-117933
_eBPP
_h71089
_i53098
_si
999 _c47978
_d47978